000 00469nam a2200133Ia 4500
008 171212s9999 xx 000 0 und d
020 _a9780874212839
100 _aMccomiskey, Bruce
245 _cMccomiskey, Bruce
_aTeaching Composition As A Social Process
260 _bUniversity Press of Colorado
_c2000
650 _aEducation
650 _aEnglish language -- Rhetoric -- Study and teaching -- Social aspects
856 _uwww.jstor.org/stable/10.2307/j.ctt46nx11
999 _c353178
_d353178